MARC

LEADER 00000nam0a2200000 4500
001 685933
005 20260402121355.0
090 |a 685933 
100 |a 20260402d1978 km|y0rusy50 ca 
101 0 |a rus 
102 |a UA 
105 |a a z 001yy 
181 0 |a i   |b  e  
182 0 |a n 
183 0 |a nc  |2 RDAcarrier 
200 1 |a Технологические измерения в металлургии  |f В. А. Маковский, Е. К. Шевцов, Е. Ф. Немченко 
203 |a Текст  |b визуальный  |c непосредственный 
210 |a Киев  |c Технiка  |d 1978 
215 |a 197 с.  |c ил. 
283 |a volume  |2 RDAcarrier 
320 |a Список лит.: с. 195-196 (18 назв.) 
606 |a Контрольно-измерительные инструменты и приборы в металлургии автоматические  |9 41799 
610 1 |a металлургическое производство 
610 1 |a контрольно-измерительные приборы 
610 1 |a преобразователи сигналов 
610 1 |a автоматический контроль 
610 1 |a электрические схемы 
610 1 |a дистанционная передача данных 
610 1 |a температура 
610 1 |a давление 
610 1 |a электрические термометры 
610 1 |a расходомеры 
610 1 |a влажность 
610 1 |a газы 
610 1 |a жидкости 
675 |a 669.012-52  |v 4 
700 1 |a Маковский  |b В. А.   |g Виталий Анатольевич 
701 1 |a Шевцов  |b Е. К.  |g Евгений Кириллович 
701 1 |a Немченко  |b Е. Ф.  |g Евгений Филиппович 
801 0 |a RU  |b 63413507  |c 20260402 
830 |a Ретро2026Каталогизация Кузнецова 
850 |a 63413507 
942 |c BK